<?xml version="1.0" encoding="UTF-8"?>
<record
    xmlns:xsi="http://www.w3.org/2001/XMLSchema-instance"
    xsi:schemaLocation="http://www.loc.gov/MARC21/slim http://www.loc.gov/standards/marcxml/schema/MARC21slim.xsd"
    xmlns="http://www.loc.gov/MARC21/slim">

  <leader>01397nam a2200277 a 4500</leader>
  <controlfield tag="001">000035132</controlfield>
  <controlfield tag="005">20200930074127.0</controlfield>
  <controlfield tag="008">111025s1986    sp            000 0 spa d</controlfield>
  <datafield tag="020" ind1=" " ind2=" ">
    <subfield code="a">8476343313</subfield>
  </datafield>
  <datafield tag="040" ind1=" " ind2=" ">
    <subfield code="a">DO-SdBNP</subfield>
    <subfield code="b">spa</subfield>
    <subfield code="c">BNPHU</subfield>
  </datafield>
  <datafield tag="041" ind1="1" ind2="7">
    <subfield code="a">spa</subfield>
    <subfield code="h">fre</subfield>
  </datafield>
  <datafield tag="100" ind1="1" ind2=" ">
    <subfield code="a">Voltaire,</subfield>
    <subfield code="d">1694-1778</subfield>
    <subfield code="9">4768</subfield>
  </datafield>
  <datafield tag="245" ind1="1" ind2="3">
    <subfield code="a">El siglo de Luis XIV /</subfield>
    <subfield code="c">Voltaire ; pr&#xF3;logo V&#xED;ctor Hugo ; traducci&#xF3;n revisada por Francisco Villalba Cerezo. Vida de Voltaire por Condorcet.</subfield>
  </datafield>
  <datafield tag="260" ind1=" " ind2=" ">
    <subfield code="a">Barcelona :</subfield>
    <subfield code="b">Ediciones Orbis,</subfield>
    <subfield code="c">1986.</subfield>
  </datafield>
  <datafield tag="300" ind1=" " ind2=" ">
    <subfield code="a">2 v. ;</subfield>
    <subfield code="c">20 cm.</subfield>
  </datafield>
  <datafield tag="490" ind1="0" ind2=" ">
    <subfield code="a">Biblioteca de historia ;</subfield>
    <subfield code="v">72</subfield>
  </datafield>
  <datafield tag="500" ind1=" " ind2=" ">
    <subfield code="a">Biblioteca tiene v.2</subfield>
  </datafield>
  <datafield tag="500" ind1=" " ind2=" ">
    <subfield code="a">T&#xED;t. original: Le Siecle de Louis XIV</subfield>
  </datafield>
  <datafield tag="520" ind1="0" ind2=" ">
    <subfield code="a">Incluye, adem&#xE1;s de la obra propiamente dicha, un pr&#xF3;logo de V&#xED;ctor Hugo sobre Voltaire, un discurso pronunciado por V&#xED;ctor Hugo en Par&#xED;s con motivo del centenario de Voltaire en 1878 y una Vida de Voltaire escrita por Condorcet, as&#xED; como un estudio sobre Voltaire: la desesperanza hist&#xF3;rica, escrito expresamente por el profesor Jos&#xE9; Manuel Bermudo.</subfield>
  </datafield>
  <datafield tag="651" ind1=" " ind2="4">
    <subfield code="a">Francia</subfield>
    <subfield code="x">Historia</subfield>
    <subfield code="y">LUIS XIV, 1643-1715</subfield>
    <subfield code="9">60827</subfield>
  </datafield>
  <datafield tag="700" ind1="1" ind2=" ">
    <subfield code="a">Hugo, V&#xED;ctor,</subfield>
    <subfield code="e">pr&#xF3;l.</subfield>
    <subfield code="9">12874</subfield>
  </datafield>
  <datafield tag="700" ind1="1" ind2=" ">
    <subfield code="a">Villalba Cerezo, Francisco,</subfield>
    <subfield code="e">trad.</subfield>
    <subfield code="9">60828</subfield>
  </datafield>
  <datafield tag="700" ind1="1" ind2=" ">
    <subfield code="a">Condorcet.</subfield>
    <subfield code="t">Vida de Voltaire</subfield>
    <subfield code="9">60829</subfield>
  </datafield>
  <datafield tag="700" ind1="1" ind2=" ">
    <subfield code="a">Bermudo, Jos&#xE9; Manuel.</subfield>
    <subfield code="t">Voltaire: la desesperanza hist&#xF3;rica</subfield>
    <subfield code="9">60830</subfield>
  </datafield>
  <datafield tag="830" ind1=" " ind2="0">
    <subfield code="a">Biblioteca de historia</subfield>
    <subfield code="n">72</subfield>
    <subfield code="9">60831</subfield>
  </datafield>
  <datafield tag="952" ind1=" " ind2=" ">
    <subfield code="0">0</subfield>
    <subfield code="1">0</subfield>
    <subfield code="5">0</subfield>
    <subfield code="7">-1</subfield>
    <subfield code="8">MO</subfield>
    <subfield code="a">GR</subfield>
    <subfield code="b">GR</subfield>
    <subfield code="c">OI</subfield>
    <subfield code="d">2011-10-25</subfield>
    <subfield code="i">LF1</subfield>
    <subfield code="l">0</subfield>
    <subfield code="o"> </subfield>
    <subfield code="p">35132-10</subfield>
    <subfield code="r">2020-06-25</subfield>
    <subfield code="w">2020-06-25</subfield>
    <subfield code="y">1</subfield>
    <subfield code="z">Biblioteca Juan Isidro Jim&#xE9;nes Grull&#xF3;n</subfield>
    <subfield code="Z">No se presta</subfield>
  </datafield>
  <datafield tag="999" ind1=" " ind2=" ">
    <subfield code="c">34623</subfield>
    <subfield code="d">34623</subfield>
  </datafield>
</record>
